| 000 | 01080cam a22003253a 4500 | ||
|---|---|---|---|
| 003 | OSt | ||
| 005 | 20140310184447.0 | ||
| 008 | 971210s1997 xxu 000 1 eng | ||
| 010 | _a 97811463 | ||
| 020 | _a0590212443 | ||
| 035 | _a(DLC) 97811463 | ||
| 040 |
_aDLC _cDLC _dDLC |
||
| 050 | 0 | 0 |
_aPZ 7 _b.D121p32 1998 |
| 100 | 1 |
_aDadey, Debbie. _94137 |
|
| 245 | 1 | 4 |
_aPhantoms don't drive sport cars / _cDebbie Dadey and Marcia Thornton Jones. |
| 260 |
_aNew York : _bScholastic Inc., _c1998. |
||
| 300 |
_a75 p. : _bill. ; _c20 cm. |
||
| 490 | 0 |
_aThe adventures of the bailey school kids _v32 |
|
| 521 | _aG4 | ||
| 526 | _c620 | ||
| 600 |
_aJones, Marcia Thornton. _94140 |
||
| 650 |
_aFiction _xJuvenile literature _xCars. _930100 |
||
| 655 | 7 |
_aYoung adult fiction. _2lcsh _93735 |
|
| 655 | 7 |
_aAdventure fiction. _2gsafd _93061 |
|
| 700 | 1 |
_aJones, Marcia _q(Marcia Thornton) _926486 |
|
| 710 | 2 |
_aCopyright Paperback Collection (Library of Congress) _5DLC _9705 |
|
| 906 |
_a7 _bcbc _corignew _d2 _encip _f19 _gy-genrareb |
||
| 942 |
_2lcc _cBK-SCHOLAS |
||
| 999 |
_c34529 _d34529 |
||